00827nam a2200241Ia 450000100060000000300090000600800410001504000130005604000130006904100130008210000160009510000290011124500840014024501050022425000110032926000100034026000110035026000490036130000550041050000730046565000160053865000310055418300IT-RoPAU130308s9999 xx 000 0 und d aIT-RoPAU cIT-RoPAU aFRANCESE aRybak Boris gCodice Aut. SPICS: 12945 aMoteur informationnel linguistique dans la traduction et l'interpretation (Le) bActes Du Colloque International et Multidisciplinaire Sur la Comprehension Du Langage (Creteil 1980) a1a ed. aPARIS bDidier c1981 [1° Ed.:1981 - Ed.Ling.Originale:1980] a"4 p. (prefazione: no ; testo: 4 [pagine: 82-85])" aMotore d'informazione Linguistica nella Traduzione e Interpretazione aLINGUISTICA eCodice materia Spics: 3201